000 00270nam a2200097Ia 4500
001 695426
005 20250826161952.0
008 250824s9999 xx 000 0 und d
245 0 _aBEYAZ DİŞ (ANTİK OKUL KLASİKLERİ)
_cJACK LONDON
260 _bANTİK DÜNYA KLASİKLERİ
999 _c695426
_d695426